STN EN 17526: 2023 (25 7869), Plynomer. Plynomer založený na tepelnom hmotnostnom prietokomeri
Táto slovenská technická norma je slovenskou verziou európskej normy EN 17526: 2021. Preklad zabezpečil Úrad pre normalizáciu, metrológiu a skúšobníctvo Slovenskej republiky. STN EN 17526 má rovnaké postavenie, ako majú oficiálne verzie
| Korporatívny autor: | |
|---|---|
| Ďalší autori: | |
| Médium: | Kniha |
| Jazyk: | slovenčina angličtina |
| Fyzický popis: | 80 strán obrázky, schémy, tabuľky, vzory 30 cm |
| Vydavateľské údaje: |
Bratislava
Úrad pre normalizáciu, metrológiu a skúšobníctvo Slovenskej republiky
2023
|
| Predmet: |
MARC
| LEADER | 00000cam a2200000 a 4500 | ||
|---|---|---|---|
| 001 | vtls012195107 | ||
| 003 | SK-MaSNL | ||
| 005 | 20260302004614.0 | ||
| 008 | 230203s2023 xo al frnu 000 0 slo | ||
| 015 | |a SNBN2024 | ||
| 040 | |a SNK |b slo |c SNK |e AACR2 | ||
| 041 | 1 | |a slo |h eng | |
| 044 | |a xo |c SK | ||
| 046 | |a s |m 20230201 (účin.) | ||
| 072 | 7 | |a 681 |x Presná mechanika a prístroje. Hudobné nástroje |2 konspekt | |
| 080 | |a 681.122 |2 2001 | ||
| 080 | |a 006.7/.8 |2 2011 | ||
| 080 | |a (437.6) |2 2011 | ||
| 080 | |a (4) |2 2011 | ||
| 084 | |a 91.140.40 |2 ICS | ||
| 130 | 0 | |a STN 25 7869 (STN EN 17526) |9 644871 | |
| 245 | 1 | 0 | |a STN EN 17526: 2023 (25 7869), Plynomer. Plynomer založený na tepelnom hmotnostnom prietokomeri |
| 246 | 1 | 0 | |a Plynomer |
| 246 | 1 | 0 | |a Plynomer založený na tepelnom hmotnostnom prietokomeri |
| 246 | 3 | 0 | |a EN 17526: 2021 SK |
| 260 | |a Bratislava |b Úrad pre normalizáciu, metrológiu a skúšobníctvo Slovenskej republiky |c 2023 | ||
| 300 | |a 80 strán |b obrázky, schémy, tabuľky, vzory |c 30 cm | ||
| 500 | |a Súbežný názov v angličtine, francúzštine, nemčine | ||
| 500 | |a Spracovateľ: Rudolf Rypák - Emita, Piešťany | ||
| 500 | |a Táto slovenská technická norma nahrádza anglickú verziu STN EN 17526 z mája 2022 v celom rozsahu | ||
| 504 | |a Normatívne referenčné dokumenty, súvisiace právne predpisy na strane 2-3 ; literatúra na strane 79 | ||
| 520 | 8 | |a Táto slovenská technická norma je slovenskou verziou európskej normy EN 17526: 2021. Preklad zabezpečil Úrad pre normalizáciu, metrológiu a skúšobníctvo Slovenskej republiky. STN EN 17526 má rovnaké postavenie, ako majú oficiálne verzie | |
| 540 | |a STN vydané na akomkoľvek nosiči sa môžu rozmnožovať a rozširovať iba so súhlasom určenej právnickej osoby |b SÚTN Bratislava |c zákon 60/2018 Z. z. | ||
| 650 | 0 | 7 | |a plynomery |2 SNKPH |9 24563 |
| 650 | 0 | 7 | |a technické normy a štandardy |z Slovensko |2 SNKPH |9 79594 |
| 650 | 0 | 7 | |a technické normy a štandardy |z krajiny Európskej únie |2 SNKPH |9 289341 |
| 650 | 0 | 7 | |a gas-meters |2 SNKPHeng |9 340539 |
| 655 | 7 | |a normy |2 SNKPH |9 70643 | |
| 700 | 1 | |a Rypák, Rudolf |4 trl |9 303044 | |
| 710 | 1 | |a Slovensko. |b Úrad pre normalizáciu, metrológiu a skúšobníctvo |4 stn |9 158117 | |
| 710 | 2 | |a Slovenský ústav technickej normalizácie (Bratislava, Slovensko). |b Technická komisia č. 110 Metrológia |4 stn |9 303045 | |
| 710 | 2 | |a EMITA (Piešťany, Slovensko) |9 166433 | |
| 852 | |a Štátna vedecká knižnica v Banskej Bystrici | ||
| 958 | |a OP | ||
| 958 | |a NB | ||
| 999 | |c 996513 |d 998443 | ||
| 952 | |a SNK |b SNK |y PREZ |7 0 |p 17A1543146 |o snkSTN EN 17526 |i snk2024/6050 |8 0 |0 0 |1 0 |4 0 |d 2024-04-17 |l 0 |r 2026-02-24 12:05:58 |w 2026-02-24 | ||


